| 000 | 00544nam a22001697i 4500 | ||
|---|---|---|---|
| 999 |
_c22855 _d22855 |
||
| 003 | AR-CdUCM | ||
| 008 | 240502b20212021pe ||||| |||| 00| 0 spa d | ||
| 040 |
_aMUNICIPALIDAD PROVINCIAL DEL CUSCO _cBIBLIOTECA MUNICIPAL DEL CUSCO |
||
| 041 | _hspa | ||
| 082 |
_a869.56 / Y99Q _bY99Q |
||
| 100 |
_aYzaguirre Quiñonez, Miguel Ángel _949681 |
||
| 245 |
_aQoricancha : _bEl secreto del tesoro de los incas / |
||
| 260 |
_aLima : _bEditorial Maseda, _c2021. |
||
| 300 |
_a129 páginas. : _c21 cm. |
||
| 942 |
_2ddc _cLIBROS |
||
| 945 |
_apbj _d2024-05-02 |
||